[Event "Women's Speed Chess GP1"]
[Site "chess.com INT"]
[Date "2020.06.25"]
[Round "2.2"]
[White "Ushenina, Anna"]
[Black "Lagno, Kateryna"]
[Result "1-0"]
[WhiteTitle "GM"]
[BlackTitle "GM"]
[WhiteElo "2416"]
[BlackElo "2546"]
[WhiteFideId "14110911"]
[BlackFideId "14109336"]
[EventDate "2020.06.24"]
[EventType "k.o. blitz"]

1. d4 Nf6 2. Nf3 g6 3. Nbd2 Bg7 4. e4 d6 5. c3 O-O 6. a4 c5 7. dxc5 dxc5 8. Be2
Nc6 9. O-O Qc7 10. Qc2 Nh5 11. Nc4 Nf4 12. Bxf4 Qxf4 13. Ne3 e6 14. Nd2 Qc7 15.
f4 Re8 16. e5 Ne7 17. Ne4 Nd5 18. Nc4 Bd7 19. g3 Bc6 20. Bf3 b6 21. Rad1 Red8
22. Ned6 a6 23. Qe2 b5 24. axb5 axb5 25. Nd2 c4 26. N2e4 Qb6+ 27. Rd4 Ra2 28.
Qf2 Rda8 29. Rfd1 Ra1 30. Rxa1 Rxa1+ 31. Kg2 Ra2 32. Rd2 Ne3+ 33. Kh3 Ra8 34.
Re2 Nd5 35. Qxb6 Nxb6 36. Nxf7 Bxe4 37. Bxe4 Kxf7 38. Bxa8 Nxa8 39. Rd2 Ke7 40.
Rd6 Nc7 41. Rc6 Kd7 42. Rd6+ Kc8 43. Kg4 Bf8 44. Rd1 Be7 45. Kf3 h5 46. h3 Nd5
47. g4 hxg4+ 48. hxg4 b4 49. Rd4 Nb6 50. cxb4 Bxb4 51. Ke4 Kc7 52. f5 gxf5+ 53.
gxf5 exf5+ 54. Kxf5 Kc6 55. e6 Bc5 56. Rd2 Kb5 57. Kf6 Kb4 58. Rd8 Na4 59. Rb8+
Ka5 60. Rc8 Bd4+ 61. Kf7 Nb6 62. Rc6 Nd5 63. Rd6 Bxb2 64. Rxd5+ 1-0

[Event "Women's Speed Chess GP1"]
[Site "chess.com INT"]
[Date "2020.06.25"]
[Round "2.3"]
[White "Lagno, Kateryna"]
[Black "Ushenina, Anna"]
[Result "1/2-1/2"]
[WhiteTitle "GM"]
[BlackTitle "GM"]
[WhiteElo "2546"]
[BlackElo "2416"]
[WhiteFideId "14109336"]
[BlackFideId "14110911"]
[EventDate "2020.06.24"]
[EventType "k.o. blitz"]

1. e4 c6 2. d4 d5 3. Nd2 dxe4 4. Nxe4 Bf5 5. Ng3 Bg6 6. h4 h6 7. Nf3 e6 8. Ne5
Bh7 9. Bd3 Bxd3 10. Qxd3 Nd7 11. Qe2 Ngf6 12. Bd2 Be7 13. O-O-O O-O 14. f4 c5
15. dxc5 Nxc5 16. f5 Qb6 17. Kb1 Rac8 18. fxe6 Qxe6 19. Rhe1 Bd6 20. Nh5 Rfe8
21. Nxf6+ Qxf6 22. Bc3 Bxe5 23. Bxe5 Qxh4 24. Qf3 b6 25. b3 Qg5 26. Bc3 Rxe1 27.
Rxe1 Ne6 28. Rf1 Qg6 29. Kb2 Rc7 30. Rf2 Kh7 31. a4 Rd7 32. Qc6 Rc7 33. Qf3 Ng5
34. Qf4 Rxc3 35. Kxc3 Ne4+ 36. Kb4 Nxf2 37. Qxf2 h5 38. c4 Qd6+ 39. c5 bxc5+ 40.
Qxc5 Qd2+ 41. Ka3 Kh6 42. Qxa7 Qxg2 43. Qxf7 h4 44. Qe6+ Qg6 45. Qe3+ Qg5 46.
Qe6+ Kh5 47. Qe8+ Qg6 48. Qe5+ Kg4 49. Qe2+ Kg5 50. Qe3+ Kh5 51. a5 Qf5 52. b4
h3 53. Qg3 g5 54. Ka4 g4 55. a6 Qf3 56. Qxf3 gxf3 57. a7 f2 58. a8=Q f1=Q 59.
Qh8+ Kg4 60. Qg7+ Kh4 61. Qh6+ Kg3 62. Qg5+ Kf2 63. Qf5+ Kg1 64. Qg5+ Qg2 65.
Qc1+ Kh2 66. Qc7+ Qg3 67. Qc2+ Kh1 68. Qc1+ Qg1 69. Qc6+ Qg2 70. Qc1+ Kh2 71.
Qc7+ Kg1 72. Qc1+ Kf2 73. Qd2+ Kf3 74. Qd3+ Kf2 75. Qd2+ Kg3 76. Qe3+ Qf3 77.
Qg5+ Kf2 78. Qd2+ Qe2 79. Qf4+ Kg2 80. Qg5+ Kh1 81. Qc1+ Kh2 82. Qc7+ Kg2 83.
Qc6+ Qf3 84. Qc2+ Kg3 85. Qc7+ Kf2 86. Qc5+ Kg2 87. Qc2+ Kg3 88. Qc7+ Qf4 89.
Qc3+ Qf3 90. Qc7+ 1/2-1/2

[Event "Women's Speed Chess GP1"]
[Site "chess.com INT"]
[Date "2020.06.25"]
[Round "2.4"]
[White "Ushenina, Anna"]
[Black "Lagno, Kateryna"]
[Result "1-0"]
[WhiteTitle "GM"]
[BlackTitle "GM"]
[WhiteElo "2416"]
[BlackElo "2546"]
[WhiteFideId "14110911"]
[BlackFideId "14109336"]
[EventDate "2020.06.24"]
[EventType "k.o. blitz"]

1. d4 Nf6 2. Nf3 g6 3. Nbd2 Bg7 4. e4 d6 5. c3 O-O 6. a4 c5 7. dxc5 dxc5 8. Be2
Qc7 9. O-O Nc6 10. Qc2 b6 11. Nc4 Bb7 12. Bg5 Rad8 13. Nfd2 a6 14. f4 b5 15.
axb5 axb5 16. Ne3 c4 17. Bh4 Qb6 18. Bf2 Rxd2 19. Qxd2 Nxe4 20. Qe1 Nxf2 21.
Qxf2 e6 22. Nc2 Qxf2+ 23. Kxf2 b4 24. Ra4 bxc3 25. bxc3 Bxc3 26. Rxc4 Bf6 27.
Rb1 Nd8 28. Ne3 h5 29. Rc7 Be4 30. Rb4 Ba8 31. Rc8 Bc6 32. Rb6 Bd7 33. Rc7 Ba4
34. Rc4 Bd7 35. Rd6 Bb5 36. Rc7 Bxe2 37. Kxe2 Kg7 38. Rdd7 Re8 39. Nc4 e5 40.
Nd6 Re6 41. Nxf7 exf4+ 42. Kf3 Nxf7 43. Rxf7+ Kh6 44. Rc5 Re5 45. Rxe5 Bxe5 46.
Ke4 Bb8 47. Rf8 Bd6 48. Rf6 Bc7 49. h4 Kg7 50. Rc6 Bd8 51. Kxf4 Bxh4 52. Rc7+
Kh6 53. Rc6 Bg5+ 54. Ke5 Bd8 55. Ke6 Kg5 56. Kf7 Kg4 57. Rxg6+ Bg5 58. Kg7 h4
59. Kh7 Kh5 60. Kg7 Kg4 61. Kf7 Kf5 62. Rg8 Bf4 63. Rg7 Bg3 64. Rg8 Bf4 65. Kg7
Bg5 66. Kh7 Bf4 67. Rf8+ Kg4 68. Rg8+ Kf5 69. Rg7 Bg5 70. Kg8 Kg4 71. Kf7 Kf5
72. Ke8 Bf6 73. Rg8 Ke6 74. Rg6 Kf5 75. Rg8 Ke6 76. Rg4 Kf5 77. Rc4 Ke6 78. Ra4
Kf5 79. Rb4 Be5 80. Rc4 Bf4 81. Kf7 Kg4 82. Kg6 Kg3 83. Kh5 Be3 84. Rg4+ Kh2 85.
Kxh4 Bf2+ 86. Kh5 Bg3 87. Kg5 Kxg2 88. Rc4 Kh2 89. Kg4 Bf2 90. Rc2 Kg1 91. Kf3
Bb6 92. Rb2 Bc5 93. Rc2 Bb6 94. Rc6 Ba7 95. Rc1+ Kh2 96. Ra1 Bg1 97. Ra2+ Kh1
98. Kg3 Bb6 99. Re2 Bc7+ 100. Kf3 Bb6 101. Re1+ Bg1 102. Re6 Ba7 103. Rh6+ Kg1
104. Kg3 Bb8+ 105. Kf3 Ba7 106. Rh5 Bb6 107. Rh7 Bc5 108. Kg3 Bd6+ 109. Kh3 Bc5
110. Rg7+ Kf1 111. Rg5 Bb6 112. Rg2 Bc5 113. Kg3 Bb6 114. Kf3 Ke1 115. Rg6 Ba7
116. Rg2 Bb8 117. Re2+ Kd1 118. Ke3 Ba7+ 119. Kd3 Kc1 120. Rc2+ Kd1 121. Ra2 Be3
122. Ra1+ Bc1 123. Rb1 1-0

[Event "Women's Speed Chess GP1"]
[Site "chess.com INT"]
[Date "2020.06.25"]
[Round "2.5"]
[White "Lagno, Kateryna"]
[Black "Ushenina, Anna"]
[Result "1/2-1/2"]
[WhiteTitle "GM"]
[BlackTitle "GM"]
[WhiteElo "2546"]
[BlackElo "2416"]
[WhiteFideId "14109336"]
[BlackFideId "14110911"]
[EventDate "2020.06.24"]
[EventType "k.o. blitz"]

1. e4 c6 2. d4 d5 3. Nd2 dxe4 4. Nxe4 Bf5 5. Ng3 Bg6 6. h4 h6 7. Nf3 e6 8. Ne5
Bh7 9. Bd3 Bxd3 10. Qxd3 Nd7 11. Qe2 Ngf6 12. Bd2 Be7 13. O-O-O O-O 14. Kb1 c5
15. Nxd7 Qxd7 16. dxc5 Qc6 17. Bc3 Qxc5 18. Ne4 Qf5 19. Nxf6+ Bxf6 20. g4 Qf4
21. Bxf6 Qxf6 22. g5 Qf4 23. gxh6 Qxh6 24. h5 Rad8 25. Qf3 b6 26. b3 Qf6 27.
Qxf6 gxf6 28. c4 Kh7 29. Kc2 Kh6 30. Kc3 f5 31. b4 Rxd1 32. Rxd1 Kxh5 33. c5
bxc5 34. bxc5 Kg4 35. Kc4 Kf3 36. Rd2 e5 37. c6 e4 38. Rd5 f4 39. Rf5 Kxf2 40.
Rxf4+ Ke3 41. Rf6 Kd2 42. c7 Rc8 43. Rxf7 e3 44. Rd7+ Kc2 45. Re7 Kd2 46. Kc5 e2
47. Kc6 e1=Q 48. Rxe1 Kxe1 49. a4 Kd2 50. a5 Kc3 51. a6 Kc4 52. Kb7 Rxc7+ 53.
Kxc7 Kc5 54. Kb7 Kd6 55. Kxa7 Kc7 56. Ka8 Kc8 57. a7 Kc7 1/2-1/2

[Event "Women's Speed Chess GP1"]
[Site "chess.com INT"]
[Date "2020.06.25"]
[Round "2.6"]
[White "Ushenina, Anna"]
[Black "Lagno, Kateryna"]
[Result "1-0"]
[WhiteTitle "GM"]
[BlackTitle "GM"]
[WhiteElo "2416"]
[BlackElo "2546"]
[WhiteFideId "14110911"]
[BlackFideId "14109336"]
[EventDate "2020.06.24"]
[EventType "k.o. blitz"]

1. d4 Nf6 2. Nf3 g6 3. Nbd2 Bg7 4. e4 d6 5. c3 O-O 6. a4 c5 7. dxc5 dxc5 8. Be2
Qc7 9. O-O Nc6 10. Qc2 b6 11. Nc4 Bb7 12. Bg5 a6 13. Nfd2 b5 14. Ne3 c4 15. axb5
axb5 16. Bxf6 exf6 17. b3 cxb3 18. Qxb3 b4 19. Nd5 Qe5 20. Nc4 Qxe4 21. Bf3 Qd3
22. Rad1 Nd4 23. Rxd3 Nxb3 24. Ne7+ Kh8 25. Bxb7 Rab8 26. Bf3 Nc5 27. Rd5 Ne6
28. cxb4 Rxb4 29. Ne3 f5 30. Rd7 Rd4 31. Rxd4 Nxd4 32. Rd1 h5 33. Nc6 Nxf3+ 34.
gxf3 Bf6 35. Rd7 Kg7 36. Kg2 Rc8 37. Ne7 Ra8 38. N7d5 Bg5 39. Nc4 Ra2 40. Nd6
Bh4 41. Nxf7 Bxf2 42. Ne5+ Kh6 43. f4 h4 44. Kf3 Bg1 45. Nf7+ Kg7 46. Ng5+ Kh8
47. Rh7+ Kg8 48. Nf6+ Kf8 49. Ne6# 1-0

[Event "Women's Speed Chess GP1"]
[Site "chess.com INT"]
[Date "2020.06.25"]
[Round "2.7"]
[White "Lagno, Kateryna"]
[Black "Ushenina, Anna"]
[Result "1/2-1/2"]
[WhiteTitle "GM"]
[BlackTitle "GM"]
[WhiteElo "2546"]
[BlackElo "2416"]
[WhiteFideId "14109336"]
[BlackFideId "14110911"]
[EventDate "2020.06.24"]
[EventType "k.o. blitz"]

1. e4 c6 2. d4 d5 3. Nd2 dxe4 4. Nxe4 Bf5 5. Ng3 Bg6 6. h4 h6 7. Nf3 e6 8. Ne5
Bh7 9. Bd3 Bxd3 10. Qxd3 Nd7 11. Qe2 Ngf6 12. Bd2 Be7 13. O-O-O O-O 14. Kb1 Qc7
15. Bf4 Nd5 16. Bc1 Rad8 17. c4 N5f6 18. Bf4 Qa5 19. Ne4 Nxe4 20. Qxe4 Nf6 21.
Qf3 Qb6 22. Be3 c5 23. d5 exd5 24. cxd5 Rfe8 25. g4 Bf8 26. Bf4 Qb4 27. g5 Qe4+
28. Qxe4 Nxe4 29. Rhf1 Bd6 30. Nd3 Bxf4 31. Nxf4 hxg5 32. hxg5 Nxg5 33. Rfe1
Rxe1 34. Rxe1 Kf8 35. Kc2 Nh7 36. Kc3 b5 37. b4 cxb4+ 38. Kxb4 g5 39. Ne2 Rxd5
40. Nc3 Rf5 41. Nxb5 Rxf2 42. a4 a6 43. Nc7 g4 44. Nxa6 g3 45. Nc5 g2 46. Rg1
Ng5 47. Nd3 Rd2 48. Kc3 Ra2 49. Nf4 Rxa4 50. Rxg2 Rxf4 51. Rxg5 Re4 52. Kd3 Re8
53. Rg2 f6 54. Re2 Rxe2 55. Kxe2 Ke7 56. Kf3 Ke6 57. Ke4 f5+ 58. Kf4 Kf6 59. Kf3
Ke5 60. Ke3 f4+ 61. Kf3 Kf5 62. Kf2 Kg5 63. Kf3 1/2-1/2

[Event "Women's Speed Chess GP1"]
[Site "chess.com INT"]
[Date "2020.06.25"]
[Round "2.8"]
[White "Ushenina, Anna"]
[Black "Lagno, Kateryna"]
[Result "1-0"]
[WhiteTitle "GM"]
[BlackTitle "GM"]
[WhiteElo "2416"]
[BlackElo "2546"]
[WhiteFideId "14110911"]
[BlackFideId "14109336"]
[EventDate "2020.06.24"]
[EventType "k.o. blitz"]

1. d4 Nf6 2. Nf3 g6 3. Nbd2 Bg7 4. e4 d6 5. c3 O-O 6. a4 Nc6 7. Bb5 Bd7 8. O-O
a6 9. Be2 e5 10. dxe5 Nxe5 11. Nxe5 dxe5 12. Qc2 Qe7 13. b3 Rfd8 14. Ba3 Qe8 15.
Rfd1 Bc6 16. f3 Bh6 17. Nc4 b5 18. Nb2 Be3+ 19. Kh1 Nh5 20. axb5 axb5 21. Nd3
Nf4 22. Nxf4 exf4 23. Bb4 Qe5 24. Rxa8 Rxa8 25. Qd3 h5 26. c4 bxc4 27. Qxc4 Bb7
28. Bc3 Qe7 29. Bb2 Ba6 30. Qc3 f6 31. Bxa6 Rxa6 32. Qc4+ Re6 33. Ba3 c5 34. Rd5
Kh7 35. Bxc5 Bxc5 36. Rxc5 Qd6 37. Rd5 Qb6 38. Rc5 Kh6 39. h3 Rd6 40. Kh2 Qd8
41. Rd5 Rxd5 42. exd5 Qb6 43. Qxf4+ g5 44. Qc4 Qd6+ 45. Kh1 h4 46. b4 Qg3 47.
Qc3 Qf2 48. Qxf6+ Kh5 49. Qa1 Qb6 50. Qd1 Qxb4 51. d6 Qb8 52. d7 Qd8 53. Qd6 Qa5
54. Qe6 Qa1+ 55. Kh2 Qa5 56. Qg4+ Kg6 57. Qe4+ Kh5 58. Qh7# 1-0

[Event "Women's Speed Chess GP1"]
[Site "chess.com INT"]
[Date "2020.06.25"]
[Round "2.9"]
[White "Lagno, Kateryna"]
[Black "Ushenina, Anna"]
[Result "1/2-1/2"]
[WhiteTitle "GM"]
[BlackTitle "GM"]
[WhiteElo "2546"]
[BlackElo "2416"]
[WhiteFideId "14109336"]
[BlackFideId "14110911"]
[EventDate "2020.06.24"]
[EventType "k.o. blitz"]

1. e4 c6 2. d4 d5 3. Nd2 dxe4 4. Nxe4 Bf5 5. Ng3 Bg6 6. h4 h6 7. Nf3 e6 8. Ne5
Bh7 9. Bd3 Bxd3 10. Qxd3 Nd7 11. Qe2 Ngf6 12. Bd2 Be7 13. O-O-O O-O 14. Kb1 Qc7
15. Bf4 Nd5 16. Bc1 Rad8 17. Nxd7 Rxd7 18. Ne4 Nf6 19. g4 Nxe4 20. Qxe4 Qa5 21.
g5 h5 22. g6 Qd5 23. gxf7+ Rxf7 24. Qe2 Bf6 25. Be3 Qf5 26. a3 e5 27. dxe5 Qxe5
28. c3 b5 29. Qf3 Rd5 30. Rxd5 Qxd5 31. Qxd5 cxd5 32. Kc2 Re7 33. Kd3 a6 34. f3
Rc7 35. Bd4 Kf7 36. Bxf6 Kxf6 37. Kd4 Ke6 38. Rg1 Rc4+ 39. Kd3 Rxh4 40. Rxg7 a5
41. Rb7 b4 42. cxb4 axb4 43. axb4 Rh2 44. b3 h4 45. Rh7 Ke5 46. b5 Rf2 47. b6
Rxf3+ 48. Kc2 Rf6 49. Rh5+ Kd6 50. b7 Kc7 51. Rxh4 Kxb7 52. Rd4 Kc6 53. Rd3 1/2-1/2

[Event "Women's Speed Chess GP1"]
[Site "chess.com INT"]
[Date "2020.06.25"]
[Round "2.10"]
[White "Ushenina, Anna"]
[Black "Lagno, Kateryna"]
[Result "0-1"]
[WhiteTitle "GM"]
[BlackTitle "GM"]
[WhiteElo "2416"]
[BlackElo "2546"]
[WhiteFideId "14110911"]
[BlackFideId "14109336"]
[EventDate "2020.06.24"]
[EventType "k.o. blitz"]

1. d4 Nf6 2. Nf3 g6 3. Nbd2 Bg7 4. e4 d6 5. c3 O-O 6. a4 a6 7. Bd3 Nc6 8. O-O e5
9. dxe5 dxe5 10. Nc4 Qe7 11. Qc2 Bg4 12. Nfd2 Rad8 13. Ne3 Be6 14. b4 Nh5 15. g3
Nf6 16. b5 axb5 17. axb5 Nb8 18. Ba3 Qd7 19. Bxf8 Bxf8 20. Nd5 Nxd5 21. exd5
Qxd5 22. Ne4 Qxd3 23. Qxd3 Rxd3 24. Ra8 Nd7 25. Rfa1 Kg7 26. Rd8 h6 27. Rc8 f5
28. Rxc7 b6 29. Rc6 Bd5 30. Nd6 Bxc6 31. bxc6 Rxd6 32. Ra7 Rxc6 33. Rxd7+ Kf6
34. Rd3 e4 35. Re3 Bc5 36. Re2 Ke5 37. Rd2 e3 38. Re2 Ke4 39. fxe3 Bxe3+ 40. Kg2
Rxc3 41. Rb2 Kd3 42. Kh3 Bc5 43. Re2 Kxe2 0-1

[Event "Women's Speed Chess GP1"]
[Site "chess.com INT"]
[Date "2020.06.26"]
[Round "3.1"]
[White "Ushenina, Anna"]
[Black "Vaishali, R"]
[Result "0-1"]
[WhiteTitle "GM"]
[BlackTitle "WGM"]
[WhiteElo "2416"]
[BlackElo "2393"]
[WhiteFideId "14110911"]
[BlackFideId "5091756"]
[EventDate "2020.06.24"]
[EventType "k.o. blitz"]

1. d4 Nf6 2. Nf3 d5 3. Bf4 e6 4. e3 Bd6 5. Bxd6 cxd6 6. c4 O-O 7. Nc3 dxc4 8.
Bxc4 a6 9. O-O b5 10. Bd3 Bb7 11. a3 Nbd7 12. Qe2 e5 13. Bc2 Rc8 14. dxe5 dxe5
15. Rfd1 Qe7 16. Rac1 Nb6 17. Bb3 Nc4 18. a4 Bxf3 19. gxf3 Qb4 20. Bxc4 Rxc4 21.
axb5 axb5 22. Nxb5 Rxc1 23. Rxc1 Rb8 24. Na3 h5 25. Nc4 Rc8 26. Rc2 Rc5 27. Kg2
h4 28. Na3 e4 29. Rxc5 Qxc5 30. f4 Qb4 31. h3 Nd5 32. Nc4 Qb3 33. Nd6 Qd3 34.
Qxd3 exd3 35. Kf3 Kf8 36. Nc4 Ke7 37. e4 Nb4 38. Ke3 f6 39. b3 g5 40. fxg5 fxg5
41. Nb2 Ke6 42. Nxd3 Nxd3 43. Kxd3 g4 44. Ke3 gxh3 45. Kf3 Ke5 46. b4 Kd4 47. b5
Kc5 48. e5 Kxb5 49. e6 Kc6 50. e7 Kd7 51. e8=Q+ Kxe8 0-1

[Event "Women's Speed Chess GP1"]
[Site "chess.com INT"]
[Date "2020.06.26"]
[Round "3.2"]
[White "Vaishali, R"]
[Black "Ushenina, Anna"]
[Result "0-1"]
[WhiteTitle "WGM"]
[BlackTitle "GM"]
[WhiteElo "2393"]
[BlackElo "2416"]
[WhiteFideId "5091756"]
[BlackFideId "14110911"]
[EventDate "2020.06.24"]
[EventType "k.o. blitz"]

1. e4 c6 2. d4 d5 3. e5 c5 4. dxc5 Nc6 5. Nf3 Bg4 6. c3 e6 7. Be3 a6 8. Qb3 Bxf3
9. Qxb7 d4 10. gxf3 Na5 11. Qb4 dxe3 12. Qa4+ Qd7 13. Qxa5 exf2+ 14. Kxf2 Ne7
15. b4 Nd5 16. a4 Qb7 17. Nd2 Be7 18. Ne4 O-O 19. Nd6 Qc6 20. Bxa6 Rxa6 21. Qb5
Qa8 22. a5 Ra7 23. Qc4 f6 24. Qg4 fxe5 25. Qxe6+ Kh8 26. Rhd1 Bh4+ 27. Kg1 Nxc3
28. Rd3 Ne2+ 29. Kh1 Nf4 30. Qc4 Nxd3 31. Qxd3 Rxf3 32. Qe4 Qxe4 33. Nxe4 Rf4
34. b5 Rxe4 35. a6 Rb4 36. b6 Ra8 37. b7 Rxb7 38. axb7 Rxa1+ 39. Kg2 Rb1 40. c6
Bd8 41. Kf3 Bc7 42. Ke4 g6 43. Kd5 Rb5+ 44. Ke6 Rd5 45. Kxd5 Kg7 46. Ke6 e4 47.
Kd7 Bxh2 48. c7 e3 49. c8=Q e2 50. Qc5 e1=Q 51. Qd4+ Be5 52. Qb6 Qd2+ 53. Ke6
Bf4 54. b8=Q Bxb8 55. Qxb8 Qe2+ 56. Kd7 Qd3+ 57. Ke6 Qe4+ 58. Kd7 Qf5+ 59. Ke7
Qf7+ 60. Kd6 Qf4+ 61. Kd7 Qxb8 0-1

[Event "Women's Speed Chess GP1"]
[Site "chess.com INT"]
[Date "2020.06.26"]
[Round "3.3"]
[White "Ushenina, Anna"]
[Black "Vaishali, R"]
[Result "1-0"]
[WhiteTitle "GM"]
[BlackTitle "WGM"]
[WhiteElo "2416"]
[BlackElo "2393"]
[WhiteFideId "14110911"]
[BlackFideId "5091756"]
[EventDate "2020.06.24"]
[EventType "k.o. blitz"]

1. d4 Nf6 2. Nf3 g6 3. Nbd2 d5 4. b3 Bg7 5. Bb2 O-O 6. c4 c6 7. e3 b6 8. Be2 Bb7
9. O-O Nbd7 10. Rc1 Rc8 11. b4 c5 12. dxc5 bxc5 13. b5 a6 14. a4 axb5 15. axb5
Nb6 16. Qb3 dxc4 17. Nxc4 Nxc4 18. Bxc4 Qb6 19. Ne5 e6 20. Rfd1 Rfd8 21. f3 Nd5
22. e4 Nf6 23. Rxd8+ Rxd8 24. Rd1 Rxd1+ 25. Qxd1 Qc7 26. Nd3 Nd7 27. Bxg7 Kxg7
28. Qa1+ e5 29. Kf2 Qd6 30. Ke2 Qd4 31. Qxd4 cxd4 32. Nb4 Nb6 33. Kd3 f5 34. Bd5
Bc8 35. Nc6 Kf6 36. f4 fxe4+ 37. Bxe4 exf4 38. Kxd4 Ke6 39. Ne5 g5 40. Bxh7 Bb7
41. Be4 Bxe4 42. Kxe4 Nd5 43. Kd4 Ne3 44. b6 Kd6 45. Nc4+ Nxc4 46. Kxc4 g4 47.
Kd4 Kc6 48. Ke4 f3 49. gxf3 gxf3 50. Kxf3 Kxb6 51. h4 Kc7 52. h5 Kd7 53. h6 Ke7
54. h7 1-0

[Event "Women's Speed Chess GP1"]
[Site "chess.com INT"]
[Date "2020.06.26"]
[Round "3.4"]
[White "Vaishali, R"]
[Black "Ushenina, Anna"]
[Result "1/2-1/2"]
[WhiteTitle "WGM"]
[BlackTitle "GM"]
[WhiteElo "2393"]
[BlackElo "2416"]
[WhiteFideId "5091756"]
[BlackFideId "14110911"]
[EventDate "2020.06.24"]
[EventType "k.o. blitz"]

1. Nf3 d5 2. g3 c6 3. Bg2 Bf5 4. O-O h6 5. d3 e6 6. Nbd2 Nd7 7. c4 Ngf6 8. b3
Be7 9. Bb2 O-O 10. a3 a5 11. Ra2 Bh7 12. Qa1 Re8 13. Re1 Qc7 14. Ne5 Nxe5 15.
Bxe5 Qd8 16. e4 dxe4 17. Nxe4 Nxe4 18. dxe4 Bf8 19. Qc3 Qb6 20. Bd4 Qc7 21. c5
e5 22. Be3 Red8 23. f3 Bg6 24. Bf1 f6 25. Bc4+ Bf7 26. Kf2 Bxc4 27. Qxc4+ Qf7
28. Qxf7+ Kxf7 29. Ke2 Rd7 30. Rd1 Rad8 31. Rxd7+ Rxd7 32. b4 axb4 33. axb4 h5
34. Ra7 Ke7 35. b5 Kd8 36. Ra8+ Ke7 37. Rb8 Kf7 38. b6 Ke7 39. h3 Kf7 40. Rc8
Be7 41. h4 Bd8 42. Rb8 g6 43. g4 Ke7 44. Ra8 Kf7 45. Ra2 hxg4 46. fxg4 f5 47.
exf5 gxf5 48. gxf5 Bxh4 49. Kf3 Be7 50. Ke4 Bf6 51. Ra7 Bg7 52. Ra8 Bf6 53. Rc8
Ke7 54. Rg8 Kf7 55. Rb8 Ke7 56. Rc8 Kf7 57. Rc7 Ke7 58. Rxd7+ Kxd7 59. Bd2 Be7
60. Bb4 Bf6 61. Bc3 Be7 62. Bb4 Bf6 63. Ba3 Ke8 64. Bb2 Be7 65. Kxe5 Bxc5 66.
Bd4 Bxd4+ 67. Kxd4 Ke7 68. Ke5 Kd7 69. f6 Ke8 70. Kd6 Kf7 71. Kc7 c5 72. Kxb7 c4
73. Ka7 c3 74. b7 c2 75. b8=Q c1=Q 76. Qe5 Qa3+ 77. Kb7 Qb4+ 78. Ka6 Qa4+ 79.
Kb6 Qb4+ 80. Kc6 Qc4+ 81. Kd6 Qa6+ 82. Kd5 Qb5+ 83. Ke4 Qc6+ 84. Kf5 Qc8+ 85.
Kg5 Qc1+ 86. Kf5 Qc2+ 87. Kg5 Qc1+ 88. Kh5 Qh1+ 89. Kg4 Qg1+ 90. Kf5 Qf1+ 91.
Kg5 Qg1+ 92. Kf5 Qf1+ 93. Qf4 Qxf4+ 94. Kxf4 Kxf6 1/2-1/2

[Event "Women's Speed Chess GP1"]
[Site "chess.com INT"]
[Date "2020.06.26"]
[Round "3.5"]
[White "Ushenina, Anna"]
[Black "Vaishali, R"]
[Result "0-1"]
[WhiteTitle "GM"]
[BlackTitle "WGM"]
[WhiteElo "2416"]
[BlackElo "2393"]
[WhiteFideId "14110911"]
[BlackFideId "5091756"]
[EventDate "2020.06.24"]
[EventType "k.o. blitz"]

1. d4 Nf6 2. Nf3 g6 3. Nbd2 d5 4. b3 Bf5 5. Bb2 Nbd7 6. e3 c6 7. c4 e6 8. Be2
Bd6 9. O-O h5 10. a3 h4 11. Ne5 Qc7 12. Ndf3 Ng4 13. Nxg4 Bxg4 14. h3 Bxf3 15.
Bxf3 Nf6 16. Rc1 Qe7 17. Qd3 Bxa3 18. Bxa3 Qxa3 19. c5 Qa5 20. b4 Qc7 21. b5 O-O
22. bxc6 bxc6 23. Ra1 a5 24. Ra4 Rfb8 25. Rfa1 e5 26. Qc3 Nd7 27. e4 exd4 28.
Qxd4 dxe4 29. Bxe4 Re8 30. Bf3 Ne5 31. Be2 Qe7 32. Rxa5 Rad8 33. Qf4 Rd5 34. Qb4
Qf6 35. Bf1 Kg7 36. R5a2 Red8 37. Qc4 Rd4 38. Qc3 Rd3 39. Bxd3 Nf3+ 0-1

[Event "Women's Speed Chess GP1"]
[Site "chess.com INT"]
[Date "2020.06.26"]
[Round "3.6"]
[White "Vaishali, R"]
[Black "Ushenina, Anna"]
[Result "1-0"]
[WhiteTitle "WGM"]
[BlackTitle "GM"]
[WhiteElo "2393"]
[BlackElo "2416"]
[WhiteFideId "5091756"]
[BlackFideId "14110911"]
[EventDate "2020.06.24"]
[EventType "k.o. blitz"]

1. e4 c6 2. d4 d5 3. Nd2 dxe4 4. Nxe4 Bf5 5. Qf3 e6 6. Ne2 Nd7 7. N2g3 Bxe4 8.
Nxe4 Ngf6 9. Bd3 Nxe4 10. Qxe4 Nf6 11. Qh4 Nd5 12. Qxd8+ Rxd8 13. c3 Bd6 14. O-O
Bf4 15. Re1 Bxc1 16. Raxc1 O-O 17. a4 a5 18. Bc4 Rd7 19. g3 g6 20. Kg2 Rc8 21.
Rcd1 Rcd8 22. Kf3 Kg7 23. h3 h5 24. h4 Kf6 25. Re2 Nb6 26. Bb3 c5 27. Red2 cxd4
28. Rxd4 Rxd4 29. Rxd4 Rxd4 30. cxd4 Ke7 31. Kf4 Nd7 32. Bc4 Nf6 33. f3 Kd6 34.
Kg5 Nd7 35. g4 hxg4 36. fxg4 Ke7 37. h5 Nf8 38. d5 gxh5 39. gxh5 exd5 40. Bxd5
b6 41. h6 Nh7+ 42. Kf5 Nf6 43. Bf3 Nh7 44. Be2 Nf6 45. Bd1 Nh7 46. Bf3 Nf6 47.
Ke5 Nd7+ 48. Kd5 Kf6 49. Be4 Nc5 50. Bc2 Ne6 51. Bb1 Nc5 52. Bc2 Ne6 53. Bh7 Kg5
54. Bg8 Kxh6 55. Bxf7 Nc5 56. Be8 Kg5 57. Bb5 Kf6 58. Kc6 1-0

[Event "Women's Speed Chess GP1"]
[Site "chess.com INT"]
[Date "2020.06.26"]
[Round "3.7"]
[White "Ushenina, Anna"]
[Black "Vaishali, R"]
[Result "1/2-1/2"]
[WhiteTitle "GM"]
[BlackTitle "WGM"]
[WhiteElo "2416"]
[BlackElo "2393"]
[WhiteFideId "14110911"]
[BlackFideId "5091756"]
[EventDate "2020.06.24"]
[EventType "k.o. blitz"]

1. d4 Nf6 2. Nf3 d5 3. Nbd2 Bf5 4. c4 e6 5. g3 c6 6. Bg2 h6 7. O-O Nbd7 8. Qb3
Qb6 9. c5 Qa6 10. Qd1 Be7 11. b4 b6 12. Bb2 O-O 13. Nb3 Rab8 14. Nfd2 bxc5 15.
bxc5 Ne4 16. f3 Nxd2 17. Qxd2 Bg6 18. Bc3 e5 19. dxe5 Nxc5 20. Nxc5 Bxc5+ 21. e3
Qd3 22. Qxd3 Bxd3 23. Rfe1 Rb6 24. Rad1 Bc4 25. Rd2 Rfb8 26. Kf2 Ra6 27. Bf1
Rxa2 28. Rxa2 Bxa2 29. Ra1 Rb3 30. Bd4 Bxd4 31. exd4 Rb2+ 32. Ke3 a5 33. Bd3 a4
34. Rc1 g5 35. Rxc6 Rxh2 36. Ra6 Bb3 37. f4 g4 38. f5 Rg2 39. Kf4 Rf2+ 40. Kxg4
Bd1+ 41. Kh3 h5 42. f6 Bg4+ 43. Kh4 Bf5 44. Bxf5 Rxf5 45. Rxa4 Kh7 46. Ra5 Kg6
47. Rxd5 Rf1 48. Kh3 Rd1 49. Rd7 Rd2 50. d5 Re2 51. e6 Kxf6 52. Rxf7+ Kg5 53. e7
Kg6 54. Rf2 Rxe7 55. d6 Rd7 56. Rd2 Kg5 57. Rd5+ Kf6 58. Kh4 Kg6 59. Rg5+ Kf7
60. Rd5 Kg6 61. Rd4 Kh6 62. Rd5 Kg6 1/2-1/2

[Event "Women's Speed Chess GP1"]
[Site "chess.com INT"]
[Date "2020.06.26"]
[Round "3.8"]
[White "Vaishali, R"]
[Black "Ushenina, Anna"]
[Result "0-1"]
[WhiteTitle "WGM"]
[BlackTitle "GM"]
[WhiteElo "2393"]
[BlackElo "2416"]
[WhiteFideId "5091756"]
[BlackFideId "14110911"]
[EventDate "2020.06.24"]
[EventType "k.o. blitz"]

1. e4 c6 2. d4 d5 3. e5 Bf5 4. h4 h5 5. c4 e6 6. Nc3 Ne7 7. Nge2 Nd7 8. Ng3 Bg6
9. Bg5 Qb6 10. Rc1 Qxb2 11. Bd3 dxc4 12. Bxg6 Nxg6 13. O-O Be7 14. Nce4 f6 15.
exf6 gxf6 16. Rb1 Qxa2 17. Be3 O-O-O 18. Ra1 Qb3 19. Qf3 a6 20. Rfb1 Qd3 21. Nc5
Nxc5 22. dxc5 Qd5 23. Qe2 Nxh4 24. f3 Qd3 25. Qf2 Rhg8 26. Kh1 Qg6 27. Bf4 e5
28. Qb2 Rd7 29. Rxa6 Rc7 30. Ra8+ Kd7 31. Rd1+ Ke6 32. Rxg8 Qxg8 33. Qe2 Rd7 34.
Qxc4+ Rd5 35. Ne2 Qxg2# 0-1